Zwycięzcy Pucharu Świata w skokach narciarskich - Statystyki

Ogólne statystyki
  • Ten quiz został rozwiązany 81 razy
  • Średni wynik to 31 z 45
Statystyki odpowiedzi
Rok zwycięstwa Kraj Zawodnik % Poprawnych
2000/2001 Polska Adam Małysz
97%
2001/2002 Polska Adam Małysz
97%
2002/2003 Polska Adam Małysz
97%
2006/2007 Polska Adam Małysz
97%
2013/2014 Polska Kamil Stoch
97%
2017/2018 Polska Kamil Stoch
97%
2016/2017 Austria Stefan Kraft
93%
2019/2020 Austria Stefan Kraft
93%
2023/2024 Austria Stefan Kraft
93%
2015/2016 Słowenia Peter Prevc
90%
2018/2019 Japonia Ryoyu Kobayashi
88%
2021/2022 Japonia Ryoyu Kobayashi
88%
2014/2015 Niemcy Severin Freund
88%
2009/2010 Szwajcaria Simon Ammann
86%
2020/2021 Norwegia Halvor Egner Granerud
84%
2022/2023 Norwegia Halvor Egner Granerud
84%
2005/2006 Czechy Jakub Janda
84%
2003/2004 Finlandia Janne Ahonen
84%
2004/2005 Finlandia Janne Ahonen
84%
2008/2009 Austria Gregor Schlierenzauer
81%
2012/2013 Austria Gregor Schlierenzauer
81%
2007/2008 Austria Thomas Morgenstern
81%
2010/2011 Austria Thomas Morgenstern
81%
2011/2012 Norwegia Anders Bardal
78%
1996/1997 Słowenia Primoż Peterka
74%
1997/1998 Słowenia Primoż Peterka
74%
1992/1993 Austria Andreas Goldberger
71%
1994/1995 Austria Andreas Goldberger
71%
1995/1996 Austria Andreas Goldberger
71%
1998/1999 Niemcy Martin Schmitt
69%
1999/2000 Niemcy Martin Schmitt
69%
1983/1984 NRD Jens Weissflog
48%
1982/1983 Finlandia Matti Nykaenen
36%
1984/1985 Finlandia Matti Nykaenen
36%
1985/1986 Finlandia Matti Nykaenen
36%
1987/1988 Finlandia Matti Nykaenen
36%
1993/1994 Norwegia Espen Bredesen
34%
1990/1991 Austria Andreas Felder
33%
1980/1981 Austria Armin Kogler
33%
1981/1982 Austria Armin Kogler
33%
1979/1980 Austria Hubert Neuper
26%
1991/1992 Finlandia Toni Nieminen
26%
1989/1990 Finlandia Ari-Pekka Nikkola
24%
1988/1989 Szwecja Jan Bokloev
22%
1986/1987 Norwegia Vegaard Opaas
12%
Nie znaleziono quizów pasujących do podanych kryteriów
Rozkład punktacji
Procent ludzi z każdym wynikiem
Percentyl według liczby udzielonych odpowiedzi
Twoja historia wyników
Nie rozwiązałeś tego quizu